Statistics for Коммунистические Страны

Click here to take the quiz!

General Stats

  • This quiz has been taken 72 times
    (11 since last reset)
  • The average score is 12 of 27

Answer Stats

ГодыСтрана% Correct
1949-Китай
100%
1922-1991Советский Союз
100%
1946-1990Болгария
67%
1949-1989Венгрия
67%
1948-Северная Корея
67%
1948-1989Румыния
67%
1944-1989Польша
67%
1924-1992Монголия
67%
1944-1992Албания
50%
1975-1991Эфиопия
50%
1959-Куба
50%
1945-1992Югославия
50%
1949-1990Германская Демократическая Республика
50%
1960-1989Чехословакия
33%
1975-Лаос
33%
1975-1992Ангола
33%
1975-1992Мозамбик
33%
1975-1989Кампучия
33%
1970-1992Народная Республика Конго
33%
1976-Вьетнам
33%
1969-1991Сомали
33%
1975-1990Бенин
17%
1978-1992Афганистан
17%
1975-1992Мадагаскар
0%
1945-1975Северный Вьетнам
0%
1979-1983Гренада
0%
1967-1990Южный Йемен
0%

Score Distribution

Percentile by Number Answered

Percent of People with Each Score

Your Score History

You have not taken this quiz since the last reset